Catálogo
 En Linea

Primer viaje de Cristobal Colón según su diario de a bordo / (Registro nro. 22539)

Detalles MARC
000 -CABECERA
campo de control de longitud fija 00617nam a2200193 a 4500
001 - NÚMERO DE CONTROL
campo de control 000023042
005 - FECHA Y HORA DE LA ÚLTIMA TRANSACCIÓN
campo de control 20200930021942.0
008 - DATOS DE LONGITUD FIJA--INFORMACIÓN GENERAL
campo de control de longitud fija 101125s1972 sp r 000 | spa d
040 ## - FUENTE DE LA CATALOGACIÓN
Centro catalogador/agencia de origen DO-SdBNP
Lengua de catalogación spa
Centro/agencia transcriptor BNPHU
082 ## - NÚMERO DE LA CLASIFICACIÓN DECIMAL DEWEY
Número de clasificación xxx
Número de documento/Ítem C719
049 ## - FONDOS LOCALES (OCLC)
Fondos de biblioteca BNGR
245 10 - MENCIÓN DE TÍTULO
Título Primer viaje de Cristobal Colón según su diario de a bordo /
Mención de responsabilidad, etc. compilado por Fray Bartolomé de las Casas.
260 ## - PUBLICACIÓN, DISTRIBUCIÓN, ETC.
Lugar de publicación, distribución, etc. Barcelona :
Nombre del editor, distribuidor, etc. Ramón Sopena,
Fecha de publicación, distribución, etc. 1972.
300 ## - DESCRIPCIÓN FÍSICA
Extensión 192 p. :
Otras características físicas il. ;
Dimensiones 18 cm.
490 ## - MENCIÓN DE SERIE
Mención de serie Sopena ;
Designación de volumen o secuencia 641
500 ## - NOTA GENERAL
Nota general Incluye glosario de terminos
500 ## - NOTA GENERAL
Nota general Incluye un lista de colección
830 #0 - PUNTO DE ACCESO ADICIONAL DE SERIE-TÍTULO UNIFORME
Título uniforme Sopena ;
Designación de volumen o secuencia 641
9 (RLIN) 47412
Existencias
Estado de retiro Estado de pérdida Restricciones de uso No para préstamo Código de colección Localización permanente Ubicación/localización actual Ubicación en estantería Fecha de adquisición Número de inventario Total de préstamos Signatura topográfica completa Código de barras Fecha visto por última vez Precio válido a partir de Tipo de ítem Koha Número de copia
      Excluido de préstamo Monografías: Libros y Folletos General General En catalogación 25.11.2010 LF1   xxx C719 23042-10 25.06.2020 25.06.2020 No se presta  
      Excluido de préstamo Monografías: Libros y Folletos General General En catalogación 25.11.2010 LF1   xxx C719 23042-20 25.06.2020 25.06.2020 No se presta e.2

Con tecnología Koha